LIBRARY ONLINE CATALOGUE

Revisiting outcomes assessment in higher education / (Record no. 3962)

MARC details
000 -LEADER
fixed length control field 00926nam a22002532 4500
001 - CONTROL NUMBER
control field 0000019516
005 - DATE AND TIME OF LATEST TRANSACTION
control field 20151217145917.0
008 - FIXED-LENGTH DATA ELEMENTS--GENERAL INFORMATION
fixed length control field 110105s xx 000 0 eng d
020 ## - INTERNATIONAL STANDARD BOOK NUMBER
International Standard Book Number 1591582768 :
040 ## - CATALOGING SOURCE
Original cataloging agency KABU
Transcribing agency KABU
245 10 - TITLE STATEMENT
Title Revisiting outcomes assessment in higher education /
Statement of responsibility, etc. edited by Peter Hernon, Robert E. Dugan andCandy Schwartz.
250 ## - EDITION STATEMENT
Edition statement 1st ed.
260 ## - PUBLICATION, DISTRIBUTION, ETC. (IMPRINT)
Place of publication, distribution, etc. London :
Name of publisher, distributor, etc. Libraries Unlimited,
Date of publication, distribution, etc. 2006.
300 ## - PHYSICAL DESCRIPTION
Extent xvi, 456 p.
650 #0 - SUBJECT ADDED ENTRY--TOPICAL TERM
Topical term or geographic name as entry element Education, Higher
Geographic subdivision United States
General subdivision Evaluation.
-- 0000179261
650 #0 - SUBJECT ADDED ENTRY--TOPICAL TERM
Topical term or geographic name as entry element Educational tests and measurements
Geographic subdivision United States.
-- 0000153685
700 1# - ADDED ENTRY--PERSONAL NAME
Personal name Hernon, Peter.
-- 0000157839
700 1# - ADDED ENTRY--PERSONAL NAME
Personal name Dugan, Robert E.
-- 0000179262
700 1# - ADDED ENTRY--PERSONAL NAME
Personal name Schwartz, Candy.
-- 0000179263
852 1# - LOCATION
-- p3913 KES
852 1# - LOCATION
-- p3913 KES
908 ## - PUT COMMAND PARAMETER (RLIN)
Put command parameter 110105
950 ## - LOCAL HOLDINGS (RLIN)
-- 1
Holdings
Withdrawn status Lost status Source of classification or shelving scheme Not for loan Home library Current library Date acquired Total Checkouts Full call number Barcode Date last seen Price effective from Koha item type
    Library of Congress Classification   Kabarak, Main Campus Kabarak, Main Campus 17/12/2015   LB2331.63 .R48 2006 c. 1 23126 17/12/2015 17/12/2015 General Collection
    Library of Congress Classification   Kabarak, Main Campus Kabarak, Main Campus 17/12/2015   LB2331.63 .R48 2006 c. 2 23093 17/12/2015 17/12/2015 General Collection